000 00347nam a2200157Ia 4500
003 OSt
005 20240304094003.0
008 170523s9999 xx 000 0 und d
020 _a ‎ 979-8886544312
040 _cIIMTU
100 _aCHANDRA- P
245 4 _aTHE SECOND COMING
260 _bTATA MC GRAW HILL
260 _c2000
942 _2ddc
_c02
999 _c871
_d871